Tyrannus nix?

Kaydedildi:
Detaylı Bibliyografya
Yazar: Ferlinghetti, Lawrence (Yazar)
Materyal Türü: Kitap
Dil:İngilizce
Baskı/Yayın Bilgisi: Nueva York New Directions 1969
Konular:
Etiketler: Etiketle
Etiket eklenmemiş, İlk siz ekleyin!

MARC

LEADER 00000nam a2200000 a 4500
001 UCO5063
003 CL-VaPUC
008 000825e19690000US |||||||||||||||||eng|d
082 0 4 |a 817  |b FER  |2 21 
100 0 |a Ferlinghetti, Lawrence  |e author  |9 449818 
245 1 0 |a Tyrannus nix? 
300 |a 92 p 
942 |c BK 
945 |d 20000825 00:00:00  |a crobeson 
260 |a Nueva York  |b New Directions  |c 1969 
650 7 |a SATIRAS ESTADOUNIDENSES  |2 CL-VaPUC  |9 449608 
650 0 |a Literatura estadounidense  |9 317168 
583 |a last modification  |c 20000825 00:00:00  |k Rodrigo Vera 
999 |c 291017  |d 291015 
952 |0 0  |1 0  |4 0  |6 817_000000000000000_FER_1969  |7 0  |8 A  |9 340651  |a BIBART  |b BIBART  |d 2019-11-20  |i 1218506  |o 817 FER 1969  |p 1218506  |r 2025-03-13  |w 2019-11-20  |y BK  |k ART